[Event "Ruhrgebiet Verbandsliga Gruppe 1 1819"]
[Site "Nordrheinwestfalen"]
[Date "2019.03.24"]
[Round "8.8"]
[White "Franke, Norbert"]
[Black "Dreesbach, Harald"]
[Result "0-1"]
[WhiteElo "1569"]
[BlackElo "1770"]
[PlyCount "104"]
[EventDate "2018.09.23"]
[EventType "team-tourn"]
[EventRounds "9"]
[EventCountry "GER"]
[SourceTitle "EXT 2022"]
[Source "ChessBase"]
[SourceDate "2021.10.06"]
[SourceVersion "1"]
[SourceVersionDate "2021.10.06"]
[SourceQuality "1"]
[WhiteTeam "Bochum SG III"]
[BlackTeam "Ahlen SV"]
[WhiteTeamCountry "GER"]
[BlackTeamCountry "GER"]

1. e4 c5 2. Nf3 e6 3. d4 cxd4 4. Nxd4 a6 5. Bd3 Qc7 6. 0-0 Nf6 7. Re1 d6 8. Nc3 Be7 9. Nf3 Nc6 10. Bg5 0-0 11. Qd2 b6 12. Re2 Bb7 13. Rae1 Ne5 14. Nxe5 dxe5 15. f3 Rfd8 16. Kh1 Rac8 17. Nd1 b5 18. a3 Rd7 19. Qc3 Qb8 20. Qa5 Bd8 21. Qb4 Be7 22. Qa5 Bd8 23. Qb4 Rd4 24. Qb3 Nd7 25. Bxd8 Rxd8 26. Qa2 Nc5 27. Nf2 Qc7 28. Re3 Qe7 29. b4 Na4 30. Qb3 Nb6 31. c3 R4d7 32. Rd1 Rc7 33. Bc2 Rdc8 34. Red3 h6 35. Bb1 Na4 36. Rc1 Qg5 37. Rc2 Nb6 38. Nd1 Nc4 39. a4 Qf6 40. Rc1 Bxe4 41. Nb2 Bxd3 42. Bxd3 Qg5 43. Rg1 Nxb2 44. Qxb2 Rxc3 45. Qe2 Rc1 46. g3 Rxg1+ 47. Kxg1 Qc1+ 48. Qf1 Qxf1+ 49. Kxf1 Rc3 50. Ke2 Rb3 51. axb5 axb5 52. Bxb5 Rxb4 0-1